India's undernourished children : a call for reform and action (Record no. 46650)

MARC details
000 -LEADER
fixed length control field 00849nam a2200193 a 4500
008 - FIXED-LENGTH DATA ELEMENTS--GENERAL INFORMATION
fixed length control field 150320s2005 ||||||||||||||||| || u
050 ## - LIBRARY OF CONGRESS CALL NUMBER
Classification number IBRD(06)HNP/2006/2
100 ## - MAIN ENTRY--PERSONAL NAME
Personal name Gragnolati, Michele
245 10 - TITLE STATEMENT
Title India's undernourished children : a call for reform and action
Statement of responsibility, etc. Michele Gragnolati (and others)
260 ## - PUBLICATION, DISTRIBUTION, ETC.
Place of publication, distribution, etc. Washington, DC
Name of publisher, distributor, etc. World Bank
Date of publication, distribution, etc. 2005
300 ## - PHYSICAL DESCRIPTION
Extent xviii, 93 p. : ill.
500 ## - GENERAL NOTE
General note Includes bibliographical references
650 #0 - SUBJECT ADDED ENTRY--TOPICAL TERM
Topical term or geographic name entry element POOR CHILDREN--HEALTH AND HYGIENE--INDIA--STATISTICS
650 #0 - SUBJECT ADDED ENTRY--TOPICAL TERM
Topical term or geographic name entry element MALNUTRITION IN CHILDREN--INDIA--STATISTICS
650 #0 - SUBJECT ADDED ENTRY--TOPICAL TERM
Topical term or geographic name entry element POOR CHILDREN--SERVICES FOR--INDIA
650 ## - SUBJECT ADDED ENTRY--TOPICAL TERM
Topical term or geographic name entry element INTEGRATED CHILD DEVELOPMENT SERVICES (INDIA)
710 ## - ADDED ENTRY--CORPORATE NAME
Corporate name or jurisdiction name as entry element World Bank
995 ## - RECOMMENDATION 995 [LOCAL, UNIMARC FRANCE]
-- CBU-MAIN LIBRARY (Kitwe)
-- 1
-- AVAILABLE
-- Mar 20, 2015
-- International Publications
Holdings
Withdrawn status Lost status Source of classification or shelving scheme Damaged status Not for loan Home library Current library Shelving location Date acquired Total Checkouts Full call number Barcode Date last seen Price effective from Koha item type
          CBU-MAIN LIBRARY, KITWE. CBU-MAIN LIBRARY, KITWE.   11/30/2022   IBRD(06)HNP/2006/2 52548 11/30/2022 11/30/2022 MONOGRAPH